Ajax full squad 2022/2023 (Eredivisie) - Statistics

General Stats
  • This quiz has been taken 170 times
  • The average score is 15 of 24
Answer Stats
Position Player % Correct
Keeper Remko Pasveer
94%
Midfielder Steven Berghuis
85%
Attacker Steven Bergwijn
85%
Attacker Dusan Tadić
81%
Keeper Gerónimo Rulli
81%
Midfielder Kenneth Taylor
80%
Attacker Brian Brobbey
78%
Defender Jurriën Timber
78%
Midfielder Edson Álvarez
77%
Midfielder Davy Klaassen
74%
Defender Devyne Rensch
72%
Keeper Maarten Stekelenburg
70%
Defender Jorrel Hato
69%
Midfielder Mohammed Kudus
65%
Defender Owen Wijndal
65%
Defender Youri Baas
65%
Defender Calvin Bassey
56%
Defender Jorge Sánchez
49%
Attacker Francisco Conceição
43%
Attacker Lorenzo Lucca
40%
Midfielder Youri Regeer
32%
Midfielder Kian Fitz-Jim
30%
Defender Ahmetcan Kaplan
24%
Midfielder Florian Grillitsch
22%
No matching quizzes found
Score Distribution
Percent of People with Each Score
Percentile by Number Answered
Your Score History
You have not taken this quiz